000 00397nam a22001697a 4500
005 20260328144149.0
008 160628b xxu||||| |||| 00| 0 eng d
020 _a0-06-95643-7
041 _aeng
082 _b10594
100 _aRaman, Kenneth and Raphaelson, Joel
_93069
245 _aWriting that words
260 _bRupa & Co
_c2004
300 _a193
650 _aManagement
942 _cBK
999 _c4455
_d4454